000 01868nam a2200289Ia 4500
008 130821s1936 xxua gs spa
040 _aCo-BoUCM
_bspa
041 0 0 _aspa
092 _aDVD 0601
245 0 4 _aUna mujer se rebela
_c[DVD]
_c[dirigida por] Mark Sandrich
260 _aWashington D.C. (Estados Unidos)
_bRKO Radio Pictures
_c1936
300 _a1 DVD
_bson., byn
508 _aDirector, Mark Sandrich ; guión .Anthony Veiller, Ernest Vajda (Novela: Netta Syrett) ; música, Roy Webb ; fotografia, Robert De Grasse (B&N)
511 _aKatharine Hepburn, Herbert Marshall, Elizabeth Allan, Donald Crisp, Doris Dudley, David Manners, Lucile Watson, Van Heflin.
520 _aSINOPSIS : Pamela es una mujer inglesa de finales del siglo XIX que posee una ideas muy avanzadas por su época. Entre otras cosas, no piensa casarse, sino que desea desarrollarse como persona. Después de muchas dificultades para encontrar trabajo, finalmente encuentra un puesto en la típica revista de mujeres sobre la cocina y los trabajos del hogar. Cuando el editor se enferma, Pamela empieza a tratar temas como la igualdad, la atención a la infancia, los cuidados médicos, y la búsqueda de empleo. Pronto se ve convertida en líder de un movimiento por estos temas, y además se deberá enfrentar a la difícil tarea de criar a un hijo sola, un escándolo para la sociedad...
546 _aAudio en Inglés y Castellano. Subtítulos en Castellano.
650 0 4 _aEntretenimiento
_926487
650 0 4 _aMujeres en el cine
_vDVD
_919901
650 0 4 _aPadres e hijos
_vDVD
_920984
650 0 4 _aPelículas cinematográficas
_zEstados Unidos
_vDVD
_97903
650 0 4 _aRelaciones familiares
_vDVD
_98041
650 0 4 _aSociología
_9386
700 1 _aSandrich, Mark
_edir.
710 2 _aRKO Radio Pictures
765 _tA woman rebels
942 _cMULTIMEDIA
_2LOCAL
_a5
_e1
999 _c63892
_d63892